00358nam a2200121Ia 4500008004100000041000800041082001800049100003500067245004600102260005300148300001400201999002100215231228s2010 xx 000 0 und d aeng a005.2762bSHE aSHELDON (Bill)/ HOLLIS (Billy) aProfessional Visual Basic 2010 and .NET 4 aNew DelhibWiley India Pvt. Ltd. New Delhic2010 axvi, 1276 c1137918d1137918